000 00716nam a2200217 a 4500
001 BRCA_1062
005 20190320203249.0
008 080508s2002----sc-a---###---#000-0#spa-#
020 _a9152007367
050 4 _aT26.S9
_b.S43 2002
100 1 _aSedig, Kjell
_d1950-
_93497
245 1 0 _aInnovaciones Suecas
_cKjell Sedig ; traductor Felipe Mena González.
260 _aSuecia
_bInstituto Sueco
_c2002
300 _a103 p.
_bil. a color
_c25 cm.
500 _aIncluye índice alfabético e índice de nombres
504 _aBibliografía : p. 103
650 1 4 _aInventos
_xHistoria
_zSuecia
_93498
650 1 4 _aInnovaciones técnicas
_xHistoria
_zSuecia
_93499
700 1 _aMena González, Felipe
_93500
942 _2lcc
_cB
999 _c941
_d941